A handbook of personal insurance terminology /

Bibliographic Details
Main Author: Levy, Michael H.
Format: Book
Language:English
Published: Lynbrook, N.Y. : Farnsworth Pub. Co., 1968.
Subjects:

MARC

Tag First Indicator Second Indicator Subfields
LEADER 00000cam a22000001 4500
001 in00000451237
005 20151012091941.0
008 700729s1968 nyu d 00010 eng
010 |a  68003253  
035 |a (OCoLC)00413613 
035 |9 ABY6473AM 
040 |a DLC  |c DLC  |d TXA  |d UtOrBLW 
049 |a TXAM  |c [483996] 
050 0 0 |a HG8759  |b .L4 
082 0 |a 368.3/2/0014 
100 1 |a Levy, Michael H. 
245 1 2 |a A handbook of personal insurance terminology /  |c by Michael H. Levy. 
264 1 |a Lynbrook, N.Y. :  |b Farnsworth Pub. Co.,  |c 1968. 
300 |a xi, 595 pages ;  |c 24 cm. 
336 |a text  |b txt  |2 rdacontent 
337 |a unmediated  |b n  |2 rdamedia 
338 |a volume  |b nc  |2 rdacarrier 
650 0 |a Life insurance  |v Dictionaries. 
650 0 |a Health insurance  |v Dictionaries. 
999 |a MARS 
999 f f |s 0e897a59-95d8-36d0-b934-b18a5a718ca4  |i 7e8b3118-8bcb-39a5-a82c-09d72e2d53c2  |t 0 
952 f f |p ric  |a Texas A&M University  |b Rellis Campus  |c Joint Library Facility  |d Remote Storage  |t 0  |e HG8759 .L4  |h Library of Congress classification  |i unmediated -- volume  |m A14802890173 
998 f f |a HG8759 .L4  |t 0  |l Remote Storage